000 01125nam a2200313 i 4500
001 13607
003 KOSZ 005
005 20200205094813.0
008 071110s1968 pl a f 000 0 pol
015 _aPB 1968/6612
035 _a(OCoLC)838915096
040 _aWA N
_cWA N
_dKOSZ 005/KK
080 _a62.001:65.01
100 1 _aHołdowska, Elżbieta.
_eAutor.
245 1 0 _aCzynnik organizacyjny w postępie technicznym /
_cElżbieta Hołdowska.
260 _aWarszawa :
_bPaństwowe Wydawnictwo Ekonomiczne,
_c1968.
300 _a199, [1] stron :
_bilustracje, ;
_c23 cm.
336 _2rdacontent
_aTekst
_btxt
337 _2rdamedia
_aBez urządzenia pośredniczącego
_bn
338 _2rdacarrier
_aWolumin
_bnc
380 _aKsiążki.
504 _aBibliografia na stronach 193-197.
658 _aGospodarka, ekonomia, finanse
658 _aInżynieria i technika
650 4 _aPostęp techniczny
710 2 _aPaństwowe Wydawnictwo Ekonomiczne
_4pbl.
856 _uhttp://koha.tu.koszalin.pl/cgi-bin/koha/opac-detail.pl?biblionumber=13607
_yKatalog online BPK
942 _2UKD
_cKS
999 _c13607
_d13607